ARRUPE JESUIT UNIVERSITY

CORONAVIRUS -STOP THE SPREAD - CLEAN,DISINFECT,COVER

Seeking his peace (Record no. 130443)

MARC details
000 -LEADER
fixed length control field 00402nam a22001337a 4500
008 - FIXED-LENGTH DATA ELEMENTS--GENERAL INFORMATION
fixed length control field 200319b ||||| |||| 00| 0 eng d
050 ## - LIBRARY OF CONGRESS CALL NUMBER
Classification number BX3250.2.B924
100 ## - MAIN ENTRY--PERSONAL NAME
Personal name Buckley, Michael
9 (RLIN) 49750
245 ## - TITLE STATEMENT
Title Seeking his peace
Statement of responsibility, etc Michael Buckley
260 ## - PUBLICATION, DISTRIBUTION, ETC. (IMPRINT)
Place of publication, distribution, etc Essex
Name of publisher, distributor, etc Kevin Mayhew Publishers
Date of publication, distribution, etc 1977
300 ## - PHYSICAL DESCRIPTION
Extent 110p. ;
Dimensions 18cm.
650 ## - SUBJECT ADDED ENTRY--TOPICAL TERM
Topical term or geographic name as entry element Spiritual life
General subdivision Catholic authors
9 (RLIN) 5665
942 ## - ADDED ENTRY ELEMENTS (KOHA)
Source of classification or shelving scheme Library of Congress Classification
Item type Monograph ( Printed materials)
Holdings
Withdrawn status Lost status Source of classification or shelving scheme Damaged status Not for loan Collection code Home library Current library Shelving location Date acquired Total Checkouts Full call number Barcode Date last seen Price effective from Koha item type
    Library of Congress Classification     Main Collection ARRUPE LIBRARY ARRUPE LIBRARY Main Collection 19/03/2020   BX3250.2.B924 46600007242 19/03/2020 19/03/2020 Monograph ( Printed materials)

 

Arrupe Library. PO Box MP320 Mt Pleasant, Harare, Zimbabwe
263 242 745411|librarian@aju.ac.zw